000 00367nam a2200145Ia 4500
008 210210b1974 xxu||||| |||| 00| 0 eng d
082 _a823.009 MULS
100 _aMULLIK (B R).
245 _aStudies in novelists-Dickens.V v.
260 _aND
_bChand & Co.,
_c1974
300 _aiv,69
650 _aNovelist Dickens
690 _aEnglish Criticism
906 _a031573
999 _c82754
_d82754